000 00666nam a22002055i 4500
001 11998
003 ES-MaACL
005 20230906150221.0
008 930618s1993 sp ||||0| cat j
040 _aM-BN
_bspa
_cM-BN
080 _a061.22(460.235 San Baudilio de Llobregat)(091)
245 0 2 _aL'Ateneu Santboià, 1893-1993 /
_c[Júlia López ... et al.].
260 _a[El Prat de llobregat, Barcelona] :
_bRúbrica,
_cD.L. 1993.
300 _a115 p :
_bil ;
_c21 cm.
500 _aIndices.
504 _aBibliografía: p. 55.
610 0 4 _aAteneu Santboià-
_vHistoria.
_92066
700 1 _aLópez, Júlia.
_973348
852 _aES-MaACL
_jL-19308
_bR.122705
999 _c11998
_d11998